De mi vida
Sábháilte in:
| Príomhchruthaitheoir: | |
|---|---|
| Rannpháirtithe: | , , , , , , |
| Formáid: | LEABHAR |
| Teanga: | Spáinnis |
| Foilsithe / Cruthaithe: |
Madrid
Gredos
2011
|
| Eagrán: | 1a. ed |
| Sraith: | Biblioteca de Grandes Pensadores
|
| Ábhair: | |
| Clibeanna: |
Cuir clib leis
Níl clibeanna ann, Bí ar an gcéad duine le clib a chur leis an taifead seo!
|
MARC
| LEADER | 00000cam a2200000 a 4500 | ||
|---|---|---|---|
| 001 | UCE8438 | ||
| 003 | CL-VaPUC | ||
| 005 | 20230309123502.0 | ||
| 008 | 150806e20110000sp |||||||||||||||||spa|d | ||
| 999 | |c 360307 |d 360305 | ||
| 020 | |a 9788424936204v.1 | ||
| 020 | |a 9788434936211v.2 | ||
| 040 | |c Pontificia Universidad Católica de Valparaíso | ||
| 082 | 0 | 4 | |a 193 |b NIE |2 21 |
| 100 | |a Nietzsche, Friedrich |q (Friedrich Wilhelm) |e autor |9 880463 | ||
| 245 | 1 | 0 | |a De mi vida |
| 246 | 1 | 3 | |a El nacimiento de la tragedia |
| 246 | 1 | 0 | |a Sobre verdad y mentira en sentido extramoral |
| 246 | 1 | 4 | |a Los filósofos preplatónicos |
| 246 | 1 | 0 | |a Sobre la utilidad y el perjuicio de la historia para la vida |
| 246 | 1 | 3 | |a El caminante y su sombra |
| 246 | 1 | 3 | |a La ciencia jovial |
| 246 | 1 | 0 | |a Así habló Zaratustra |
| 246 | 1 | 0 | |a Más allá del bien y mal |
| 246 | 1 | 3 | |a La genealogía de la moral |
| 246 | 1 | 3 | |a El crepúsculo de los ídolos |
| 246 | 1 | 3 | |a El Anticristo |
| 250 | |a 1a. ed | ||
| 260 | |a Madrid |b Gredos |c 2011 | ||
| 300 | |a v | ||
| 490 | 0 | |a Biblioteca de Grandes Pensadores | |
| 583 | |a last modification |c 20150806 12:26:00 |k Rodrigo Vera | ||
| 650 | 0 | |a Filosofía alemana |9 265002 | |
| 650 | 7 | |a FILOSOFOS ALEMANES |2 CL-VaPUC |9 581168 | |
| 700 | 1 | |a Moreno Claros, Luis Fernando |e traductor |9 864649 | |
| 700 | 1 | |a Cano Cuenca, Germán |e traductor |9 864650 | |
| 700 | 1 | |a llinares Chover, Joan B |e traductora |9 864651 | |
| 700 | 1 | |a Brotons Muñoz, Alfredo |e traductor |9 864652 | |
| 700 | 1 | |a Hernández Arias, José Rafael |e traductor |9 864653 | |
| 700 | 1 | |a Vergara, Carlos |e traductor |9 859411 | |
| 700 | 1 | |a Mardomingo Sierra, José |e traductor |9 864654 | |
| 942 | |c BK |2 ddc | ||
| 945 | |d 20150806 12:26:00 |a dcastane | ||
| 952 | |0 0 |1 0 |3 erd |4 0 |6 193_000000000000000_NIE_2011 |7 0 |8 R |9 470025 |a BIBEDU |b BIBEDU |c MCIRC |h v.1 |i 5191629 |o 193 NIE 2011 |p 5191629 |r 2023-01-13 |w 2019-11-23 |y BK_R |z Catalogado en:20150806 |k FIL | ||
| 952 | |0 0 |1 0 |3 erd |4 0 |6 193_000000000000000_NIE_2011 |7 0 |8 R |9 470026 |a BIBEDU |b BIBEDU |c MCIRC |h v.2 |i 5191637 |l 3 |o 193 NIE 2011 |p 5191637 |r 2023-03-24 |s 2023-03-22 |w 2019-11-23 |y BK_R |z Catalogado en:20150806 |k FIL | ||